Effective CRM : concepts and applications (Record no. 188558)

MARC details
000 -LEADER
fixed length control field 00401nam a2200157Ia 4500
008 - FIXED-LENGTH DATA ELEMENTS--GENERAL INFORMATION
fixed length control field 231217s9999 xx 000 0 und d
020 ## - INTERNATIONAL STANDARD BOOK NUMBER
International Standard Book Number 8178813157
041 ## - LANGUAGE CODE
Language code of text/sound track or separate title English
082 ## - DEWEY DECIMAL CLASSIFICATION NUMBER
Classification number 658.812 CHA;1 R
100 ## - MAIN ENTRY--PERSONAL NAME
Personal name Chaturvedi, Braj Mohan ed.
245 #0 - TITLE STATEMENT
Title Effective CRM : concepts and applications
260 ## - PUBLICATION, DISTRIBUTION, ETC.
Date of publication, distribution, etc. 2004
Name of publisher, distributor, etc. Icfai
Place of publication, distribution, etc. Hyderabad
300 ## - PHYSICAL DESCRIPTION
Extent x, 176+A14
650 ## - SUBJECT ADDED ENTRY--TOPICAL TERM
Topical term or geographic name entry element CRM
942 ## - ADDED ENTRY ELEMENTS (KOHA)
Koha item type Books
Holdings
Date last seen Total checkouts Full call number Accession number Cost, total (INR) price Price effective from Category Public note Lost status Damaged status Department Withdrawn status Home library Current library Shelving location Entry date Vendor Cost, normal purchase price Grants Billnumber Billdate Currency symbol Conversion rate Discount Old discount
26/01/2024   658.812 CHA;1 R 65095 38.00 26/01/2024 Books 65095     Central Library   Central Library Central Library Central Library 08/09/2010 ICFAI Press 38.00 MBA 1993 25/02/2014 RS 1    
26/01/2024   658.812 CHA;2 R1 65096 38.00 26/01/2024 Books 65096     F-Block Annex   Central Library Central Library F-Block Library Annex 08/09/2010 ICFAI Press 38.00 MBA 1993 25/02/2014 RS 1    
26/01/2024   658.812 CHA;3 65097 38.00 26/01/2024 Books 65097     Central Library   Central Library Central Library Central Library 08/09/2010 ICFAI Press 38.00 MBA 1993 25/02/2014 RS 1    
26/01/2024   658.812 CHA;4 65280 38.00 26/01/2024 Books 65280     Central Library   Central Library Central Library Central Library 08/09/2010 ICFAI Press 38.00 MBA 1993 25/02/2014 RS 1    
26/01/2024   658.812 CHA;5 65281 38.00 26/01/2024 Books 65281     Central Library   Central Library Central Library Central Library 08/09/2010 ICFAI Press 38.00 MBA 1993 25/02/2014 RS 1    
26/01/2024   658.812 CHA;6 65784 38.00 26/01/2024 Books 65784     Central Library   Central Library Central Library Central Library 25/09/2010 ICFAI Press 38.00 MBA 1993 25/02/2014 RS 1    

© For any Suggestions or Query, please contact the library staff @ librarian@pes.edu or Phone: +9180 2672 1983/ 2108.